Statystyki dla Państwa świata po kształcie flagi #5

Kliknij tutaj aby rozwiązać quiz!

Ogólne statystyki

  • Ten quiz został rozwiązany 10 880 razy
  • Średni wynik to 13 z 16

Statystyki odpowiedzi

Odpowiedź% Poprawnych
Turcja
100%
Niemcy
98%
Belgia
96%
Serbia
95%
Katar
91%
Wenezuela
89%
Algieria
86%
Filipiny
82%
Somalia
81%
Monako
80%
Angola
79%
Kostaryka
78%
Zambia
68%
Haiti
67%
Oman
60%
Belize
52%

Rozkład punktacji

Percentyl według liczby udzielonych odpowiedzi

Procent ludzi z każdym wynikiem

Twoja historia wyników

Nie rozwiązałeś tego quizu